[Event "AUTO-MASTER-1186"]
[Site "http://www.queenalice.com/game.php?id=815062"]
[Date "2010.8.8"]
[Round "1"]
[White "aquiles88"]
[Black "falekhine"]
[Result "0-1"]
[WhiteElo "2013"]
[BlackElo "2084"]

1. d4 c6 2. e4 d5 3. Nd2 dxe4 4. Nxe4 Nf6 5. Nxf6+ exf6 6. c3 Bd6 7. Bd3 O-O 8.
Ne2 Bg4 9. Qc2 Bxe2 10. Bxh7+ Kh8 11. Kxe2 Re8+ 12. Kf1 g6 13. Bxg6 fxg6 14.
Qxg6 Qe7 15. Be3 Nd7 16. Re1 Qg7 17. Qxg7+ Kxg7 18. g3 f5 19. Bg5 Nf6 20. Kg2
Nh5 21. f3 Kf7 22. Kf2 b5 23. Rxe8 Rxe8 24. Re1 Rxe1 25. Kxe1 Ng7 0-1

[Event "AUTO-MASTER-1186"]
[Site "http://www.queenalice.com/game.php?id=815063"]
[Date "2010.8.8"]
[Round "1"]
[White "falekhine"]
[Black "aquiles88"]
[Result "1-0"]
[WhiteElo "2097"]
[BlackElo "2000"]

1. d4 Nf6 2. c4 g6 3. Nc3 d5 4. e3 Bg7 5. Nf3 O-O 6. Bd3 c5 7. O-O dxc4 8. Bxc4
cxd4 9. Qxd4 Nc6 10. Qc5 Qa5 11. Qxa5 Nxa5 12. Be2 Rd8 13. b4 Nc6 14. b5 Nb4 15.
a4 Nfd5 16. Nxd5 Nxd5 17. Ra3 Bf5 18. Nd4 Bd7 19. Bd2 e5 20. Nf3 Rac8 21. h3 Rc2
22. Bd3 Rc7 23. Bb1 h6 24. Ba2 Be6 25. e4 Nf4 26. Be3 1-0

[Event "AUTO-MASTER-1186"]
[Site "http://www.queenalice.com/game.php?id=815064"]
[Date "2010.8.8"]
[Round "1"]
[White "aquiles88"]
[Black "paulogaspar"]
[Result "1-0"]
[WhiteElo "1958"]
[BlackElo "1779"]

1. d4 e6 2. g3 d5 3. Bg2 Nf6 4. Nf3 c5 5. O-O c4 6. Nbd2 Nc6 7. Re1 b5 8. e4
dxe4 9. Nxe4 Nxe4 10. Rxe4 Bb7 11. Ne5 Nxe5 12. Rxe5 Bxg2 13. Kxg2 Be7 14. Rxb5
O-O 15. c3 a6 16. Re5 Qb6 17. Qe2 Qc6+ 18. Qf3 Qb6 19. Qe2 Qc6+ 20. f3 Rab8 21.
Bg5 Bxg5 22. Rxg5 Qb6 23. Rb1 f5 24. Qxc4 h6 25. Rh5 Rfc8 26. Qe2 Kf7 27. g4 Kg6
28. Rh3 Rxc3 29. gxf5+ exf5 30. Rg3+ Kf7 31. Qe5 Rc2+ 32. Kh3 Rg8 33. Qxf5+ Qf6
34. Qxc2 Re8 35. Qc4+ Kf8 36. Rbg1 Qf5+ 37. Kg2 Rc8 38. Qb4+ Kg8 39. Kh1 g5 40.
Qd6 Kh7 41. Qe7+ 1-0

[Event "AUTO-MASTER-1186"]
[Site "http://www.queenalice.com/game.php?id=815065"]
[Date "2010.8.8"]
[Round "1"]
[White "paulogaspar"]
[Black "aquiles88"]
[Result "1-0"]
[WhiteElo "2009"]
[BlackElo "2045"]

1. d4 Nf6 2. c4 d6 3. Nc3 Nbd7 4. g3 g6 5. Bg2 Bg7 6. e4 O-O 7. Nf3 e5 8. dxe5
dxe5 9. Bg5 c6 10. O-O h6 11. Be3 Qe7 12. Qc2 Nc5 13. b4 Na6 14. a3 Bg4 15. Na4
Bxf3 16. Bxf3 Rfd8 17. Rad1 b6 18. c5 b5 19. Nb2 Nc7 20. Qc1 Kh7 21. Bg2 Ne6 22.
Rd2 Rxd2 23. Bxd2 Nd4 24. Be3 a5 25. Bxd4 exd4 26. e5 Qxe5 27. Bxc6 Rb8 28. Nd3
Qf5 29. Nf4 1-0

[Event "AUTO-MASTER-1120"]
[Site "http://www.queenalice.com/game.php?id=819181"]
[Date "2010.8.16"]
[Round "2"]
[White "leoarthur"]
[Black "aquiles88"]
[Result "1-0"]
[WhiteElo "2145"]
[BlackElo "1958"]

1. e4 c5 2. Nf3 e6 3. d4 cxd4 4. Nxd4 a6 5. Nc3 Qc7 6. g3 b5 7. Bg2 Bb7 8. O-O
Nf6 9. a3 Be7 10. Qd3 d6 11. b4 Nbd7 12. Bb2 Ne5 13. Qe2 Nc4 14. Bc1 Rc8 15. Nd1
g6 16. Ra2 O-O 17. Nb2 Nxb2 18. Rxb2 Qc4 19. Qd3 Nd7 20. Be3 Ne5 21. Qd1 Qc7 22.
Ra2 Nc4 23. Bc1 Bf6 24. Re1 Qb6 25. Nb3 Rfd8 26. Nd2 Ne5 27. Qe2 Rc3 28. Nf3
Rdc8 29. Nxe5 Bxe5 30. Be3 Qc7 31. Rc1 Qc4 32. Qxc4 R3xc4 33. f3 d5 34. f4 Bd4
35. Bxd4 Rxd4 36. e5 Rd2 37. Rb2 Rc3 38. Rb3 Rcxc2 39. Rxc2 Rxc2 40. h4 h5 41.
Rf3 Kf8 42. Rd3 Ke7 43. Bf3 Kd7 44. g4 1-0

[Event "AUTO-MASTER-1120"]
[Site "http://www.queenalice.com/game.php?id=819182"]
[Date "2010.8.16"]
[Round "2"]
[White "aquiles88"]
[Black "leoarthur"]
[Result "0-1"]
[WhiteElo "1967"]
[BlackElo "2138"]

1. d4 c5 2. Nf3 e6 3. g3 cxd4 4. Nxd4 Nc6 5. Bg2 Qb6 6. Nb3 d5 7. O-O g6 8. Be3
Qc7 9. N1d2 Bg7 10. c3 Nf6 11. Bc5 b6 12. Ba3 Ne7 13. e4 dxe4 14. Nxe4 Nxe4 15.
Bxe4 Bb7 16. Bxb7 Qxb7 17. Qd6 Rd8 18. Qxe7+ Qxe7 19. Bxe7 Kxe7 20. Rad1 a5 21.
a4 Rhe8 22. Kg2 e5 23. Nd2 Rc8 24. Rfe1 Red8 25. Kf3 f5 26. Ke2 Bh6 27. Nf3 Kf6
28. Rxd8 Rxd8 29. Rd1 Rxd1 30. Kxd1 Bf8 31. Ke2 Bc5 32. Nd2 h5 33. Nb3 Ke6 34.
f3 g5 35. h3 g4 36. hxg4 hxg4 37. fxg4 fxg4 38. Nc1 e4 39. Na2 Kd5 40. b3 Bd6
0-1

[Event "AUTO-MASTER-1120"]
[Site "http://www.queenalice.com/game.php?id=819185"]
[Date "2010.8.16"]
[Round "2"]
[White "aquiles88"]
[Black "kookaburra"]
[Result "0-1"]
[WhiteElo "1907"]
[BlackElo "2212"]

1. d4 e6 2. g3 Nf6 3. Bg2 d5 4. Nf3 c5 5. O-O Nc6 6. c4 Be7 7. Nc3 O-O 8. cxd5
exd5 9. dxc5 Bxc5 10. Bg5 Be6 11. Rc1 Be7 12. Qa4 Qb6 13. Qb5 Qxb5 14. Nxb5 Rac8
15. Nbd4 Bd7 16. Rfd1 h6 17. Bf4 Rfe8 18. Nxc6 Bxc6 19. Nd4 Bf8 20. Rc2 Bd7 21.
Rdc1 Rxc2 22. Rxc2 Bb4 23. Rc7 Bc8 24. Nb5 Bd7 25. Nd4 Ba5 26. Rxb7 Bb6 27. Be3
Bc8 28. Rb8 Kf8 29. h3 Ba6 30. Rxe8+ Kxe8 31. Bf3 Ne4 32. Nf5 Bxe3 33. Nxe3 Bb7
34. Nf5 Kf8 35. Bxe4 dxe4 36. Nd6 Bd5 37. a3 a6 38. Nf5 h5 39. Kf1 g6 40. Ne3
Be6 41. h4 Ke7 42. Ke1 Kd6 43. Kd2 Ke5 44. Kc3 f6 45. Nc4+ Kd5 46. b4 Bf7 47.
Ne3+ Ke5 48. a4 Be8 49. Nc4+ Kd5 50. e3 g5 51. Kb3 Ke6 52. Na3 gxh4 53. gxh4 Kf5
54. b5 axb5 55. Nxb5 Kg4 56. Nd6 Bc6 57. a5 Kxh4 58. a6 Kg4 59. Nb7 h4 60. Kc4
h3 0-1

[Event "AUTO-MASTER-1120"]
[Site "http://www.queenalice.com/game.php?id=819186"]
[Date "2010.8.16"]
[Round "2"]
[White "kookaburra"]
[Black "aquiles88"]
[Result "1-0"]
[WhiteElo "2209"]
[BlackElo "1911"]

1. d4 Nf6 2. c4 d6 3. Nc3 Nbd7 4. Nf3 e5 5. e4 Be7 6. Be2 O-O 7. O-O c6 8. Re1
a6 9. h3 b5 10. a3 Re8 11. Be3 Bf8 12. Bg5 Qc7 13. Bf1 Bb7 14. Rc1 Qb6 15. b4
bxc4 16. Bxc4 a5 17. Be3 Qd8 18. Qb3 Qe7 19. Ng5 d5 20. exd5 cxd5 21. Nxd5 Nxd5
22. Bxd5 Bxd5 23. Qb1 g6 24. dxe5 axb4 25. axb4 Qxb4 26. e6 Bxe6 27. Qd3 Ra3 28.
Qd1 Nf6 29. Qf3 Nd5 30. Nxe6 fxe6 31. Re2 Nxe3 32. Rxe3 Rxe3 33. Qxe3 Bd6 34. g3
Qb5 35. h4 Qd5 36. Kh2 Rf8 37. f4 Ra8 38. Rc2 Ra1 39. Rg2 Kf7 40. Qe2 Qb3 41. h5
Qb1 42. Kh3 Qh1+ 43. Rh2 Qf1+ 44. Qxf1 Rxf1 45. hxg6+ hxg6 46. Kg4 Kf6 47. Rd2
Bc5 48. Rc2 Bd6 49. Rd2 Bb4 50. Rb2 Be1 51. Rb3 Rg1 52. Re3 Bf2 53. Rf3 Be1 54.
Rb3 Rg2 55. Re3 Bf2 56. Rf3 Rxg3+ 57. Rxg3 Bxg3 58. Kxg3 Kf7 59. Kg4 Kg7 60. Kg5
Kf7 61. Kh4 1-0

[Event "AUTO-MASTER-953"]
[Site "http://www.queenalice.com/game.php?id=821090"]
[Date "2010.8.21"]
[Round "2"]
[White "aormic"]
[Black "aquiles88"]
[Result "1-0"]
[WhiteElo "2375"]
[BlackElo "1949"]

1. e4 c5 2. Nf3 e6 3. d4 cxd4 4. Nxd4 a6 5. Nc3 Qc7 6. Bd3 b5 7. O-O Bb7 8. Qe2
d6 9. f4 Nd7 10. a3 Ngf6 11. Bd2 Be7 12. Rae1 Nc5 13. e5 dxe5 14. fxe5 Nd5 15.
Qh5 g6 16. Qh3 Nxd3 17. Qxd3 Bc5 18. Ne4 Bxd4+ 19. Qxd4 O-O-O 20. Nd6+ Kb8 21.
Rxf7 Rd7 22. Ref1 Rhd8 23. Bg5 Ne7 24. Rxe7 Qxc2 25. Qf2 Qxf2+ 26. Rxf2 Bd5 27.
Rxd7 Rxd7 28. Rf8+ 1-0

[Event "AUTO-MASTER-953"]
[Site "http://www.queenalice.com/game.php?id=821091"]
[Date "2010.8.21"]
[Round "2"]
[White "aquiles88"]
[Black "aormic"]
[Result "0-1"]
[WhiteElo "1947"]
[BlackElo "2376"]

1. d4 Nf6 2. g3 d5 3. Bg2 c6 4. Nf3 Bg4 5. Nbd2 Nbd7 6. O-O e6 7. c4 Be7 8. Qc2
O-O 9. e4 dxe4 10. Nxe4 Nxe4 11. Qxe4 Nf6 12. Qe3 Qb6 13. b3 Rad8 14. Bb2 Rfe8
15. Ne5 Bf5 16. Rad1 a5 17. h3 a4 18. g4 Bc2 19. Rd2 axb3 20. axb3 Qxb3 21. Qxb3
Bxb3 22. Rc1 Nd7 23. Nxd7 Rxd7 24. Rd3 Ba4 25. Ra1 Bc2 26. Rd2 Bg6 27. Kf1 Bg5
28. Rdd1 Bc2 0-1

[Event "AUTO-MASTER-1196"]
[Site "http://www.queenalice.com/game.php?id=821234"]
[Date "2010.8.21"]
[Round "1"]
[White "renzopieroni"]
[Black "aquiles88"]
[Result "1-0"]
[WhiteElo "1981"]
[BlackElo "1941"]

1. e4 c5 2. Nf3 e6 3. c4 Nc6 4. d4 cxd4 5. Nxd4 Nf6 6. Nxc6 bxc6 7. Bd3 d5 8.
exd5 cxd5 9. cxd5 Nxd5 10. O-O Bd6 11. Nc3 Nxc3 12. bxc3 O-O 13. Kh1 Qc7 14. Qc2
g6 15. h3 Bb7 16. Be3 Rfc8 17. c4 Qc6 18. Rg1 f5 19. f3 e5 20. Qb3 Kg7 21. Rac1
Rc7 22. Rc2 Bc5 23. Re1 Bxe3 24. Rxe3 Qc5 25. Re1 Rd8 26. Rce2 Re7 27. Qc3 Rd4
28. Rf2 Red7 29. Rd2 Kg8 30. Red1 Bc6 31. Rc2 e4 32. Rb1 exd3 33. Rd2 Rxc4 34.
Rb8+ Kf7 35. Qh8 Rc1+ 36. Kh2 Qg1+ 37. Kg3 Qe1+ 38. Rf2 f4+ 39. Kxf4 Qxf2 40.
Qxh7+ Ke6 41. Qxg6+ Kd5 42. Qe4+ Kc5 43. Qb4+ Kd5 44. Qe4+ Kc5 45. Qb4+ Kd5 46.
Qe4+ Kd6 47. Qe5# 1-0

[Event "AUTO-MASTER-1196"]
[Site "http://www.queenalice.com/game.php?id=821235"]
[Date "2010.8.21"]
[Round "1"]
[White "aquiles88"]
[Black "renzopieroni"]
[Result "0-1"]
[WhiteElo "1927"]
[BlackElo "1966"]

1. d4 Nf6 2. g3 d5 3. Bg2 Bg4 4. Nf3 Qd7 5. Ne5 Qf5 6. Nxg4 Qxg4 7. c4 c6 8.
cxd5 cxd5 9. Nc3 e6 10. Bf4 Nc6 11. O-O Be7 12. h3 Qg6 13. Qa4 O-O 14. Rac1 Rfd8
15. Rfd1 Bd6 16. Bxd6 Rxd6 17. e3 a6 18. Qa3 Rad8 19. Na4 h6 20. Nc5 Rb8 21.
Nxa6 Rbd8 22. Nc5 Rb8 23. Nxb7 Rd7 24. Rxc6 Rbxb7 25. Bf1 Rb8 26. Rdc1 Rdd8 27.
b4 Ne4 28. Bd3 Qf6 29. Bxe4 dxe4 30. Qc3 Qf5 31. h4 g5 32. Rc5 Qg4 33. hxg5 hxg5
34. a4 Kh7 35. b5 Kg6 36. Qe1 Rh8 37. Qf1 Rh3 38. a5 Rbh8 39. Qg2 Qf3 40. Qxf3
exf3 0-1

[Event "AUTO-MASTER-1196"]
[Site "http://www.queenalice.com/game.php?id=821248"]
[Date "2010.8.21"]
[Round "1"]
[White "aquiles88"]
[Black "TheWatcher"]
[Result "0-1"]
[WhiteElo "1962"]
[BlackElo "2074"]

1. d4 Nf6 2. g3 g6 3. Bg2 Bg7 4. c4 d6 5. Nf3 O-O 6. O-O Nbd7 7. Nc3 e5 8. e4
exd4 9. Nxd4 Re8 10. Re1 Ne5 11. b3 a6 12. h3 c6 13. Be3 c5 14. Nc2 Be6 15. Kh2
Qd7 16. f4 Neg4+ 17. Kh1 Nxe3 18. Nxe3 Nh5 19. Rc1 Nxg3+ 20. Kh2 Nh5 21. f5 Be5+
22. Kg1 Nf4 23. fxe6 fxe6 24. Ng4 Bg7 25. e5 h5 26. Nf2 Nxg2 27. Kxg2 Qc6+ 28.
Qf3 Qxf3+ 29. Kxf3 Rf8+ 0-1

[Event "AUTO-MASTER-1196"]
[Site "http://www.queenalice.com/game.php?id=821249"]
[Date "2010.8.21"]
[Round "1"]
[White "TheWatcher"]
[Black "aquiles88"]
[Result "1-0"]
[WhiteElo "2061"]
[BlackElo "1975"]

1. d4 Nf6 2. Nf3 d6 3. c4 Nbd7 4. Nc3 e5 5. e4 c6 6. d5 c5 7. Be2 Be7 8. O-O O-O
9. Re1 Re8 10. h3 Nf8 11. Be3 Ng6 12. Bf1 Bf8 13. Qc2 Nf4 14. Bxf4 exf4 15. e5
dxe5 16. Nxe5 Bd6 17. Nf3 Bd7 18. Ng5 h6 19. Nge4 Nxe4 20. Nxe4 Bf5 21. Bd3 Bxe4
22. Bxe4 Qf6 23. Bf3 Be5 24. Re2 Bd4 25. Rae1 Kf8 26. Qh7 g6 27. Qxh6+ Qg7 28.
Qxf4 1-0

[Event "AUTO-MASTER-1196"]
[Site "http://www.queenalice.com/game.php?id=821250"]
[Date "2010.8.21"]
[Round "1"]
[White "aquiles88"]
[Black "docb"]
[Result "0-1"]
[WhiteElo "2108"]
[BlackElo "2046"]

1. d4 d5 2. g3 c6 3. Bg2 Nf6 4. Nf3 Bf5 5. Nbd2 Nbd7 6. O-O h6 7. c4 e6 8. b3
Bd6 9. Bb2 O-O 10. Re1 a5 11. Nh4 Bh7 12. e4 dxe4 13. Nxe4 Nxe4 14. Bxe4 Bxe4
15. Rxe4 Nf6 16. Re2 Nh7 17. Nf3 Ng5 18. Nxg5 Qxg5 19. Re4 g6 20. Qe2 a4 21. Bc1
Qa5 0-1

[Event "AUTO-MASTER-1196"]
[Site "http://www.queenalice.com/game.php?id=821251"]
[Date "2010.8.21"]
[Round "1"]
[White "docb"]
[Black "aquiles88"]
[Result "1-0"]
[WhiteElo "2049"]
[BlackElo "2092"]

1. e4 c5 2. Nc3 a6 3. g3 b5 4. Bg2 Bb7 5. d3 Nf6 6. Be3 e6 7. Nf3 d5 8. e5 Nfd7
9. Bd2 Nc6 10. Qe2 Qc7 11. Bf4 Be7 12. h4 b4 13. Na4 a5 14. O-O Ba6 15. b3 O-O
16. Rae1 c4 17. bxc4 dxc4 18. dxc4 Rac8 19. Nd2 Nd4 20. Qd3 Nf5 21. Be4 1-0

[Event "AUTO-MASTER-1075"]
[Site "http://www.queenalice.com/game.php?id=828581"]
[Date "2010.9.6"]
[Round "2"]
[White "ppeteleco"]
[Black "aquiles88"]
[Result "1-0"]
[WhiteElo "2478"]
[BlackElo "1945"]

1. e4 c5 2. Nf3 e6 3. Nc3 a6 4. Be2 b5 5. O-O Bb7 6. d4 cxd4 7. Qxd4 Nc6 8. Qd3
Qc7 9. a3 Nf6 10. Bg5 Be7 11. Rfd1 d6 12. Bxf6 gxf6 13. Qe3 h5 14. Rac1 O-O-O
15. Nb1 Kb8 16. c4 b4 17. Nbd2 Rdg8 18. Nd4 Nxd4 19. Qxd4 Qc5 20. Qxc5 dxc5 21.
axb4 cxb4 22. c5 Rc8 23. Nb3 h4 24. Rc4 a5 25. Nxa5 Bxc5 26. Nxb7 Kxb7 27. Rd7+
Kb6 28. Rxf7 Rcf8 29. Rxf8 Rxf8 30. Kf1 1-0

[Event "AUTO-MASTER-1075"]
[Site "http://www.queenalice.com/game.php?id=828582"]
[Date "2010.9.6"]
[Round "2"]
[White "aquiles88"]
[Black "ppeteleco"]
[Result "0-1"]
[WhiteElo "1943"]
[BlackElo "2479"]

1. d4 d5 2. g3 Nf6 3. Bg2 e6 4. Nf3 Bb4+ 5. c3 Bd6 6. O-O O-O 7. Nbd2 Bd7 8. Qc2
Bb5 9. Re1 Bc6 10. Ne5 Bb5 11. e4 c6 12. Nd3 Be7 13. e5 Nfd7 14. f4 c5 15. Nf3
Qb6 16. dxc5 Bxd3 17. Qxd3 Nxc5 18. Qd4 Nb3 19. Qxb6 axb6 20. Rb1 Rxa2 21. Be3
Bc5 22. Kf2 Nc6 23. Re2 Rfa8 24. Nd2 Bxe3+ 25. Kxe3 Nc5 26. Ree1 Na4 27. Bf1
Nxb2 28. Rec1 d4+ 29. cxd4 R8a3+ 30. Ke4 Nd3 0-1

[Event "AUTO-MASTER-1075"]
[Site "http://www.queenalice.com/game.php?id=828586"]
[Date "2010.9.6"]
[Round "2"]
[White "mad_knight"]
[Black "aquiles88"]
[Result "1-0"]
[WhiteElo "2162"]
[BlackElo "1984"]

1. e4 c5 2. c3 Nf6 3. e5 Nd5 4. d4 e6 5. c4 Nb6 6. dxc5 Bxc5 7. Nc3 Nc6 8. Nf3
d6 9. exd6 Qxd6 10. Be3 O-O 11. Qxd6 Bxd6 12. c5 Nb4 13. O-O-O 1-0

[Event "QA-ANNIV-06"]
[Site "http://www.queenalice.com/game.php?id=836979"]
[Date "2010.9.23"]
[Round "2"]
[White "aquiles88"]
[Black "Himotross"]
[Result "1-0"]
[WhiteElo "1988"]
[BlackElo "1712"]

1. d4 Nf6 2. g3 d5 3. Bg2 Nc6 4. Nf3 g6 5. O-O Bg7 6. c4 O-O 7. cxd5 Nxd5 8. Nc3
Re8 9. e4 Nxc3 10. bxc3 e5 11. d5 Ne7 12. c4 Bg4 13. Rb1 b6 14. Be3 1-0